Primeros crushes Gen Z #1 - Estadísticas

Estadísticas generales
  • Esta prueba ha sido intentada 95 veces
  • La puntuación promedio es 8 de 16
Estadísticas de respuestas
Imagen Respuesta % Correcto
Justin Bieber
96%
Johnny Depp
92%
Cameron Boyce
91%
Zac Efron
84%
Flynn Ryder
76%
Ross Lynch
76%
Edward Cullen
71%
Jeremy Sumpter
66%
Jack Escarcha
48%
Brandon
28%
MattyBRaps
19%
Helia
18%
Tom
14%
Chris Pine
11%
Kaito
10%
Gaito
4%
No se encontraron pruebas coincidentes
Distribución de puntuación
Porcentaje de gente con cada puntuación
Porcentaje por número respondido
Historial de tus puntuaciones
No has intentado esta prueba.